| Поле | Инд. | ПП | Название | Значение |
|---|---|---|---|---|
| Тип записи | a | |||
| Библиографический уровень | m | |||
| 001 | Контрольный номер | RU/LIBMSTU/309881404 | ||
| 005 | Дата корректировки | 20160127104208.3 | ||
| 008 | Кодируемые данные | 091027|||||||||ru |||||||||||000|||rus|| | ||
| 020 | a | ISBN | 978-5-86185-450-4 | |
| c | Цена, тираж | 160-24 | ||
| 040 | b | Код языка каталог. | rus | |
| 041 | 0_ | a | Код языка текста | rus |
| 084 | a | Индекс другой классификации/Индекс ББК | 65.59(2Рос)+65.5+65.049(2Рос) | |
| 090 | a | Полочн. индекс | 65.59(2Рос) | |
| x | Авторский знак | О-77 | ||
| 100 | 1_ | a | Автор | Островский А. В. |
| 110 | 2_ | a | Организация/ юрисдикция | Мурманский государственный технический университет |
| 245 | 10 | a | Заглавие | Россия в Азиатско-Тихоокеанском регионе |
| b | Продолж. заглавия | учеб. пособие | ||
| c | Ответственность | Федер. агентство по рыболовству, Мурман. гос. техн. ун-т | ||
| 260 | a | Место издания | Мурманск | |
| b | Издательство | Изд-во МГТУ | ||
| c | Дата издания | 2009 | ||
| 300 | a | Объем | 138 с. | |
| 500 | a | Примечание | Имеется электрон. аналог 2009 г. | |
| 650 | 04 | a | Основная рубрика | Внешнеэкономические отношения-Россия -Учебные издания для высших учебных заведений |
| 650 | 14 | a | Основная рубрика | Азиатско-Тихоокеанский регион-Учебные издания для высших учебных заведений |
| 651 | _4 | a | Географическое наименование | Страны БРИКС |
| 651 | _4 | a | Географическое наименование | Азиатско-Тихоокеанский регион |
| 651 | _4 | a | Географическое наименование | Сибирь |
| 653 | 0_ | a | Ключевые слова | Мировая экономика |
| a | Ключевые слова | Торгово-экономическое сотрудничество | ||
| a | Ключевые слова | Экономика мировая | ||
| a | Ключевые слова | Экономическая интеграция | ||
| 901 | t | Тип документа | m | |
| 952 | b | Гриф литературы для ВШ | Допущено Ученым советом МГТУ | |
| c | Вид литературы | учебное пособие |